<?xml version="1.0" encoding="UTF-8"?>
<record
    xmlns:xsi="http://www.w3.org/2001/XMLSchema-instance"
    xsi:schemaLocation="http://www.loc.gov/MARC21/slim http://www.loc.gov/standards/marcxml/schema/MARC21slim.xsd"
    xmlns="http://www.loc.gov/MARC21/slim">

  <leader>01579nam a22004097a 4500</leader>
  <controlfield tag="003">DO-SdBNP</controlfield>
  <controlfield tag="005">20211109112942.0</controlfield>
  <controlfield tag="007">ta</controlfield>
  <controlfield tag="008">211109b2018       a|||e |||| 001 0 spa d</controlfield>
  <datafield tag="020" ind1=" " ind2=" ">
    <subfield code="a">9789945580648</subfield>
  </datafield>
  <datafield tag="040" ind1=" " ind2=" ">
    <subfield code="a">DO-SdBNP</subfield>
    <subfield code="b">spa</subfield>
    <subfield code="c">BNPHU</subfield>
  </datafield>
  <datafield tag="082" ind1="4" ind2=" ">
    <subfield code="2">22</subfield>
    <subfield code="a">516.6</subfield>
    <subfield code="b">G345</subfield>
  </datafield>
  <datafield tag="245" ind1="1" ind2="0">
    <subfield code="a">Geometr&#xED;a descriptiva / </subfield>
    <subfield code="c">Aura Salazar &#x2026; [et.al] ; editor Lennys Tejada Betancourt </subfield>
  </datafield>
  <datafield tag="260" ind1=" " ind2=" ">
    <subfield code="a">Santiago de los Caballeros, Rep. Dom. :</subfield>
    <subfield code="b">UAPA,</subfield>
    <subfield code="c">2018.</subfield>
  </datafield>
  <datafield tag="300" ind1=" " ind2=" ">
    <subfield code="a">320 p. : (14 )</subfield>
    <subfield code="b">il.;</subfield>
    <subfield code="c">27 cm</subfield>
  </datafield>
  <datafield tag="490" ind1=" " ind2=" ">
    <subfield code="a">Autoaprendizaje</subfield>
    <subfield code="v">; v.1</subfield>
  </datafield>
  <datafield tag="500" ind1=" " ind2=" ">
    <subfield code="a">Evaluaci&#xF3;n Pedag&#xF3;gica y del contenido.</subfield>
  </datafield>
  <datafield tag="504" ind1=" " ind2=" ">
    <subfield code="a">Incluye referencias bibliogr&#xE1;ficas.</subfield>
  </datafield>
  <datafield tag="505" ind1=" " ind2=" ">
    <subfield code="a">Unidad 1. Conceptos  geom&#xE9;tricos fundamentales.</subfield>
    <subfield code="t">1.1. Punto --</subfield>
    <subfield code="t">1.2. L&#xED;neas --</subfield>
    <subfield code="t">1.3. Planos --</subfield>
  </datafield>
  <datafield tag="505" ind1=" " ind2=" ">
    <subfield code="a">Unidada II. Los &#xC4;ngulos.</subfield>
  </datafield>
  <datafield tag="505" ind1=" " ind2=" ">
    <subfield code="a">Unidad III. Paralelismo y Perpendicularidad.</subfield>
  </datafield>
  <datafield tag="505" ind1=" " ind2=" ">
    <subfield code="a">Unidadad IV.  Los Pol&#xED;gonos.</subfield>
  </datafield>
  <datafield tag="505" ind1=" " ind2=" ">
    <subfield code="a">Unidad V. &#xC4;ngulos formados entre Rectas y Planos.</subfield>
  </datafield>
  <datafield tag="505" ind1=" " ind2=" ">
    <subfield code="a">Unidad VI. Superficies.</subfield>
  </datafield>
  <datafield tag="505" ind1=" " ind2=" ">
    <subfield code="a">Unidad VIII. Los poliedros.</subfield>
  </datafield>
  <datafield tag="505" ind1=" " ind2=" ">
    <subfield code="a">Respuestas a los ejercicios de autoevaluaci&#xF3;n bibliograf&#xED;a general.</subfield>
  </datafield>
  <datafield tag="590" ind1=" " ind2=" ">
    <subfield code="a">Inventariado, 2021 / SA</subfield>
  </datafield>
  <datafield tag="650" ind1="4" ind2=" ">
    <subfield code="9">10297</subfield>
    <subfield code="a">Geometr&#xED;a descriptiva</subfield>
  </datafield>
  <datafield tag="700" ind1="1" ind2=" ">
    <subfield code="a">Salazar, Aura Marlene</subfield>
    <subfield code="9">80537</subfield>
  </datafield>
  <datafield tag="700" ind1="1" ind2=" ">
    <subfield code="a">Gir&#xF3;n Villarroel, Thamara Gregoria</subfield>
    <subfield code="9">80538</subfield>
  </datafield>
  <datafield tag="700" ind1="1" ind2=" ">
    <subfield code="a">Salazar Aguirre, Engel Fernando</subfield>
    <subfield code="9">80539</subfield>
  </datafield>
  <datafield tag="700" ind1="1" ind2=" ">
    <subfield code="a">N&#xFA;nez , Luis Alfredo</subfield>
    <subfield code="9">80540</subfield>
  </datafield>
  <datafield tag="700" ind1="1" ind2=" ">
    <subfield code="a">Vargas Villega, Elizabeth</subfield>
    <subfield code="9">80541</subfield>
  </datafield>
  <datafield tag="700" ind1="1" ind2=" ">
    <subfield code="a">Morales Urbina, Esther Mar&#xED;a</subfield>
    <subfield code="9">80542</subfield>
  </datafield>
  <datafield tag="910" ind1=" " ind2=" ">
    <subfield code="a">Saquino</subfield>
  </datafield>
  <datafield tag="942" ind1=" " ind2=" ">
    <subfield code="2">ddc</subfield>
    <subfield code="c">LBS1</subfield>
  </datafield>
  <datafield tag="952" ind1=" " ind2=" ">
    <subfield code="0">0</subfield>
    <subfield code="1">0</subfield>
    <subfield code="2">ddc</subfield>
    <subfield code="5">1</subfield>
    <subfield code="7">0</subfield>
    <subfield code="8">MO</subfield>
    <subfield code="a">BNPHU</subfield>
    <subfield code="b">PD</subfield>
    <subfield code="c">CT</subfield>
    <subfield code="d">2019-03-21</subfield>
    <subfield code="e">Donado</subfield>
    <subfield code="l">0</subfield>
    <subfield code="o">BNPHU PD 516.6 G345</subfield>
    <subfield code="p">2021-27913</subfield>
    <subfield code="r">2021-11-09</subfield>
    <subfield code="t">v.1</subfield>
    <subfield code="w">2021-11-09</subfield>
    <subfield code="y">LBS1</subfield>
    <subfield code="z">S/A</subfield>
  </datafield>
  <datafield tag="952" ind1=" " ind2=" ">
    <subfield code="0">0</subfield>
    <subfield code="1">0</subfield>
    <subfield code="2">ddc</subfield>
    <subfield code="5">1</subfield>
    <subfield code="7">0</subfield>
    <subfield code="8">MO</subfield>
    <subfield code="a">BNPHU</subfield>
    <subfield code="b">PD</subfield>
    <subfield code="c">CT</subfield>
    <subfield code="d">2019-03-21</subfield>
    <subfield code="e">Donado</subfield>
    <subfield code="l">0</subfield>
    <subfield code="o">BNPHU PD 516.6 G345</subfield>
    <subfield code="p">2021-27914</subfield>
    <subfield code="r">2021-11-09</subfield>
    <subfield code="t">v.1, e.2</subfield>
    <subfield code="w">2021-11-09</subfield>
    <subfield code="y">LBS1</subfield>
    <subfield code="z">S/A</subfield>
  </datafield>
  <datafield tag="952" ind1=" " ind2=" ">
    <subfield code="0">0</subfield>
    <subfield code="1">0</subfield>
    <subfield code="2">ddc</subfield>
    <subfield code="7">5</subfield>
    <subfield code="8">MO</subfield>
    <subfield code="a">BNPHU</subfield>
    <subfield code="b">DO</subfield>
    <subfield code="c">CT</subfield>
    <subfield code="d">2019-03-21</subfield>
    <subfield code="e">Donado</subfield>
    <subfield code="l">0</subfield>
    <subfield code="o">BNPHU DS 516.6 G345</subfield>
    <subfield code="p">2021-27915</subfield>
    <subfield code="r">2021-11-09</subfield>
    <subfield code="t">v.1, e.3</subfield>
    <subfield code="w">2021-11-09</subfield>
    <subfield code="y">LBS1</subfield>
    <subfield code="z">S/A</subfield>
  </datafield>
  <datafield tag="999" ind1=" " ind2=" ">
    <subfield code="c">50892</subfield>
    <subfield code="d">50892</subfield>
  </datafield>
</record>
